000 00986nam a2200229Ia 4500
999 _c36355
_d36355
001 2267
003 GE_BSU
005 20190503172848.0
008 181216s2011||||ge |||||||||||||| ||geo||
040 _cGE_BSU
041 _ageo
080 _a54(075.8):615.099(075.8) ა–27
100 _aადეიშვილი, ლია
_9702
245 _aტოქსიკოლოგიური ქიმია :
_bნ.1; სახელმძღვ. ფარმაც. ფაკ-ტის სტუდენტებისათვის /
_cლია ადეიშვილი, რომან მახარაძე.
250 _aგანმეორებითი გამოცემა.
264 _aთბილისი,
_c2011.
300 _a123 გვ.
653 _aქიმია
653 _aტოქსიკოლოგიური ქიმია
700 _aმახარაძე, რომან
_eავტორი
_9703
942 _cBK
_2udc